Normal view
MARC view
Entry Topical Term
001 - CONTROL NUMBER
- control field: 17036
003 - CONTROL NUMBER IDENTIFIER
- control field: ARRUPE
005 - DATE AND TIME OF LATEST TRANSACTION
- control field: 20150409140132.0
008 - FIXED-LENGTH DATA ELEMENTS
- fixed length control field: 150409|| aca||aabn | a|a d
040 ## - CATALOGING SOURCE
- Original cataloging agency: ARRUPE
- Transcribing agency: ARRUPE
150 ## - HEADING--TOPICAL TERM
- Topical term or geographic name as entry element: African Americans
- General subdivision: Social conditions
- Chronological subdivision: To 1964.
670 ## - SOURCE DATA FOUND
- Source citation: Work cat.: (ARRUPE)0: Garvey, Marcus, 1887-1940. 3450, Selected writings and speeches of Marcus Garvey /, 2004.